Clinical microbiology made ridiculously simple
Saved in:
| Main Author: | |
|---|---|
| Format: | Book |
| Language: | English |
| Published: |
: MedMaster
, 2009
|
| Tags: |
Add Tag
No Tags, Be the first to tag this record!
|
MARC
| LEADER | 00000nam a2200000 4500 | ||
|---|---|---|---|
| 008 | 201208b ||||| |||| 00| 0 eng d | ||
| 020 | |a ISBN: 978-0-940780-81-1 | ||
| 100 | |a GLADWIN Mark |a Bill Trattler | ||
| 245 | |a Clinical microbiology made ridiculously simple |c / Mark Gladwin |e Bill Trattler | ||
| 250 | |b 4th ed | ||
| 260 | |b : MedMaster |c , 2009 |d BOOK |h Miami, FL |i 687221 - Sci. |i 687222 |l QR67 .G45 |m Diagnostic microbiology – Handbooks, manuals, etc |m Medical microbiology- Handbooks, manuals, etc. |m Microbiology |m Trattler, Bill | ||
| 942 | |a lcc |c BK |e Oagoke,M A |f 08/12/2020 | ||
| 952 | |0 0 |1 0 |2 ddc |4 0 |7 0 |9 214 |a HOL |b SL |c QZ |d 2020-12-08 |o QR67 .G45 |p 2020-0156 |r 2020-12-08 00:00:00 |w 2020-12-08 |y BK | ||
| 952 | |0 0 |1 0 |2 ddc |4 0 |7 0 |9 215 |a HOL |b HOL |c QZ |d 2020-12-08 |o QR67 .G45 |r 2020-12-08 00:00:00 |w 2020-12-08 |y BK | ||
| 999 | |c 80 |d 80 | ||